All train stations in Durham - Statistics

General Stats
  • This quiz has been taken 42 times
  • The average score is 13 of 19
Answer Stats
Hint Answer % Correct
East Coast main line Durham
100%
East Coast main line Darlington
97%
Tees Valley line Darlington
97%
East Coast main line Chester-le-Street
93%
Tees Valley line Bishop Auckland
86%
Durham Coast line Hartlepool
83%
Durham Coast line Stockton
83%
Durham Coast line Seaham
79%
Tees Valley line Eaglescliffe
66%
Tees Valley line Newton Aycliffe
66%
Durham Coast line Billingham
48%
Durham Coast line Horden
48%
Tees Valley line Teesside Airport
48%
Tees Valley line Heighington
45%
Tees Valley line North Road
45%
Durham Coast line Seaton Carew
45%
Tees Valley line Shildon
45%
Tees Valley line Allens West
41%
Tees Valley line Dinsdale
41%
No matching quizzes found
Score Distribution
Percent of People with Each Score
Percentile by Number Answered
Your Score History
You have not taken this quiz